Television in Education (Record no. 102389)

MARC details
000 -LEADER
fixed length control field 00351nam a2200145Ia 4500
008 - FIXED-LENGTH DATA ELEMENTS--GENERAL INFORMATION
fixed length control field 211118s9999||||xx |||||||||||||| ||und||
082 ## - DEWEY DECIMAL CLASSIFICATION NUMBER
Classification number 70.4
Item number ARA-T
100 ## - MAIN ENTRY--PERSONAL NAME
Personal name Aram, I Arul
245 #0 - TITLE STATEMENT
Title Television in Education
260 ## - PUBLICATION, DISTRIBUTION, ETC.
Name of publisher, distributor, etc. Orient Longman
Place of publication, distribution, etc. London
Date of publication, distribution, etc. 1993
300 ## - PHYSICAL DESCRIPTION
Extent 150p.
630 ## - SUBJECT ADDED ENTRY--UNIFORM TITLE
General subdivision General Stack
942 ## - ADDED ENTRY ELEMENTS (KOHA)
Koha item type BOOK
650 ## - SUBJECT ADDED ENTRY--TOPICAL TERM
Form subdivision Generalia
Holdings
Withdrawn status Lost status Source of classification or shelving scheme Damaged status Not for loan Home library Current library Date acquired Cost, normal purchase price Full call number Barcode Shelving location Date last seen Price effective from Koha item type
    Dewey Decimal Classification     SB LIBRARY SB LIBRARY 18/11/2021 25.00 371.335 ARA-T 00108365 GENERAL STACK 18/11/2021 18/11/2021 BOOK

Powered by Koha